Länder mit den meisten Touristen in Australien/Ozeanien - Statistiken

Allgemein
  • Dieses Quiz wurde 69 mal gespielt
  • Das Durchschnittsergebnis liegt bei 8 aus 13
Antwortstatistiken
Platz Land Anzahl % Korrekt
2. Neuseeland 3,686 Mio.
100%
1. Australien 9,246 Mio.
97%
3. Fidschi 0,87 Mio.
88%
4. Samoa 0,164 Mio.
72%
5. Papua-Neuguinea 0,143 Mio.
53%
7. Vanuatu 0,109 Mio.
53%
11. Marshallinseln 0,006 Mio.
52%
6. Palau 0,116 Mio.
52%
9. Mikronesien 0,03 Mio.
50%
13. Tuvalu 0,002 Mio.
50%
8. Tonga 0,062 Mio.
48%
10. Salomonen 0,026 Mio.
47%
11. Kiribati 0,006 Mio.
41%
Keine übereinstimmenden Quizze gefunden
Verteilung der Resultate
Anzahl Personen mit jedem Resultat
Perzentil nach korrekt beantworteten Fragen
Ihre Resultats-Entwicklung
Sie haben dieses Quiz noch nicht gespielt